000 00279nam a22001217a 4500
082 _a001
_bROB/G
100 _aROBINSON
245 _aGEMS OF WORLD KNOWLEDGE
260 _aBANGALORE
_b1ST RANK PUBLICATION
_c2005
300 _a259
650 _aGENERAL KNOWLEDGE
_zINDIA
942 _cBK
999 _c1965
_d1965